00340nam a2200121Ia 4500008004100000024001600041082001800057100002500075245003400100260002500134600002100159650003800180250506s9999 xx 000 0 und d a00A-BCS-045 a651.26072 ANS aAnsar Ahmed Siddiqui 0aOnline Air Reservation System aKarachi:bUIT,c2000 aComputer Science aBachelor of Computer Science (BS)